[Event "COMMONWEALTH CHESS CHAMPIONSHIP 2008"]
[Site "Nagpur,India"]
[Date "2008.09.28"]
[Round "1.45"]
[White "Prathamesh, Sunil Mokal"]
[Black "Shubham Lakudkar"]
[Result "1-0"]
[WhiteElo "2358"]
[BlackElo "1885"]
[PlyCount "111"]
[EventDate "2008.09.28"]
[Source "MonRoi"]

1. e4 d5 2. exd5 Qxd5 3. Nc3 Qa5 4. d4 Nf6 5. Bc4 c6 6. Nge2 Bf5 7. O-O e6 8.
Ng3 Bg6 9. Qe2 Be7 10. f4 Bh5 11. Qe5 Qd8 12. Bxe6 fxe6 13. Nxh5 Nxh5 14. Qxh5+
g6 15. Qe5 Kf7 16. Ne4 Re8 17. Ng5+ Bxg5 18. fxg5+ Kg8 19. Bf4 Qd5 20. c3 Nd7
21. Qc7 Rac8 22. Qxb7 e5 23. dxe5 Rb8 24. Qxa7 Rxb2 25. Rf2 Rxf2 26. Qxf2 c5
27. Re1 Nf8 28. Qe2 Ne6 29. Bc1 Rd8 30. h3 Ra8 31. a3 Rd8 32. Kh2 c4 33. Qe4
Qc5 34. Be3 Qe7 35. Qxc4 Kg7 36. Qa6 Nxg5 37. Qf6+ Qxf6 38. exf6+ Kxf6 39. Rf1+
Ke5 40. Bxg5 Ra8 41. Ra1 Kd5 42. a4 Kc4 43. a5 Ra6 44. Ra3 Kd3 45. Bd8 Kc2 46.
c4 Kb2 47. Rf3 Rc6 48. Rf4 Kb3 49. Bb6 g5 50. Re4 Kb4 51. c5+ Kb5 52. Re8 Ka6
53. Ra8+ Kb7 54. Ra7+ Kb8 55. Rxh7 Rg6 56. Kg3 1-0

[Event "COMMONWEALTH CHESS CHAMPIONSHIP 2008"]
[Site "Nagpur,India"]
[Date "2008.09.28"]
[Round "1.48"]
[White "Manush, Shah"]
[Black "West, Guy"]
[Result "0-1"]
[WhiteElo "1863"]
[BlackElo "2342"]
[PlyCount "38"]
[EventDate "2008.09.28"]
[Source "MonRoi"]

1. d4 Nf6 2. Nc3 d5 3. Bg5 Nbd7 4. f3 c5 5. e4 cxd4 6. Bxf6 gxf6 7. Qxd4 dxe4
8. Nxe4 Bg7 9. c3 O-O 10. Qd2 Ne5 11. Qc2 Qb6 12. O-O-O Be6 13. Qa4 Rfd8 14.
Nd2 Rac8 15. Nh3 Bh6 16. f4 Bf5 17. g3 Nd3+ 18. Bxd3 Rxd3 19. Nc4 Rxc4 0-1

[Event "COMMONWEALTH CHESS CHAMPIONSHIP 2008"]
[Site "Nagpur,India"]
[Date "2008.09.28"]
[Round "1.49"]
[White "Vishnu, Prasanna"]
[Black "Teenu Thomas"]
[Result "1-0"]
[WhiteElo "2341"]
[BlackElo "1859"]
[PlyCount "35"]
[EventDate "2008.09.28"]
[Source "MonRoi"]

1. e4 c5 2. Nf3 d6 3. d4 cxd4 4. Nxd4 Nf6 5. Nc3 g6 6. Bg5 Bg7 7. Bb5+ Bd7 8.
Qe2 a6 9. Bxd7+ Qxd7 10. O-O-O Qg4 11. Bxf6 Qf4+ 12. Kb1 Qxf6 13. Nd5 Qe5 14.
f4 Qh5 15. Qxh5 gxh5 16. Nc7+ Kd8 17. Nxa8 Nd7 18. Nf5 1-0

[Event "COMMONWEALTH CHESS CHAMPIONSHIP 2008"]
[Site "Nagpur,India"]
[Date "2008.09.28"]
[Round "1.50"]
[White "Nisha, N  Patkar"]
[Black "Shashikant, Kutwal"]
[Result "0-1"]
[WhiteElo "1846"]
[BlackElo "2340"]
[PlyCount "40"]
[EventDate "2008.09.28"]
[Source "MonRoi"]

1. e4 c5 2. b3 Nc6 3. Bb2 d6 4. Bb5 Bd7 5. Ne2 Nf6 6. Nbc3 a6 7. Bxc6 Bxc6 8.
d3 e6 9. O-O Be7 10. Qd2 b5 11. Ng3 h5 12. f4 h4 13. Nh1 h3 14. g3 d5 15. e5 d4
16. exf6 dxc3 17. fxg7 Qd4+ 18. Nf2 Qxg7 19. Bxc3 Qxg3+ 20. hxg3 h2# 0-1

[Event "COMMONWEALTH CHESS CHAMPIONSHIP 2008"]
[Site "Nagpur,India"]
[Date "2008.09.28"]
[Round "1.51"]
[White "Minhazuddin, Ahmed"]
[Black "Anjana Krishna, S."]
[Result "1-0"]
[WhiteElo "2339"]
[BlackElo "1845"]
[PlyCount "139"]
[EventDate "2008.09.28"]
[Source "MonRoi"]

1. e4 e5 2. Nf3 Nf6 3. d4 Nxe4 4. Bd3 d5 5. Nxe5 Bd6 6. O-O O-O 7. c4 c6 8.
cxd5 cxd5 9. Nd2 Nxd2 10. Bxd2 Nd7 11. Re1 Qb6 12. Qf3 Nxe5 13. dxe5 Bc5 14.
Re2 Be6 15. Qg3 Rfe8 16. Qh4 g6 17. Bg5 Qb4 18. Bf4 Be7 19. Qg3 Rac8 20. h4 Kh8
21. Rd1 Qa5 22. Bg5 Bxg5 23. Qxg5 Qd8 24. Qf4 Qe7 25. Re3 Kg7 26. Rde1 Red8 27.
Rg3 Rc6 28. h5 Rb6 29. h6+ Kg8 30. Qd2 Qb4 31. Qg5 Qf8 32. f4 Bd7 33. f5 Bb5
34. Bxb5 Rxb5 35. fxg6 fxg6 36. e6 Qc5+ 37. Kh2 Re8 38. Qe5 Qe7 39. Rf1 Rb4 40.
Rf7 Qh4+ 41. Rh3 Qd4 42. Rg7+ Kh8 43. Qxd4 Rxd4 44. Rxb7 Re4 45. Rxa7 R4xe6 46.
Rd3 Re5 47. g4 Re2+ 48. Kg3 Rd8 49. Rxd5 Rde8 50. Rdd7 R2e3+ 51. Kh4 g5+ 52.
Kh5 Rh3+ 53. Kxg5 Rg8+ 54. Rg7 Rxg7+ 55. hxg7+ Kg8 56. b4 Rd3 57. a4 Rd5+ 58.
Kh4 Rd6 59. b5 Rh6+ 60. Kg5 Rg6+ 61. Kh5 Rh6+ 62. Kg5 Rg6+ 63. Kf5 Rd6 64. Re7
Rd4 65. a5 Rd5+ 66. Kf6 Rd6+ 67. Re6 Rd8 68. b6 h6 69. b7 h5 70. Kg6 1-0

[Event "COMMONWEALTH CHESS CHAMPIONSHIP 2008"]
[Site "Nagpur,India"]
[Date "2008.09.28"]
[Round "1.52"]
[White "Rathore, Sonakshi"]
[Black "Sangma, Rahul"]
[Result "0-1"]
[WhiteElo "1838"]
[BlackElo "2339"]
[PlyCount "90"]
[EventDate "2008.09.28"]
[Source "MonRoi"]

1. e4 e5 2. Nf3 Nc6 3. Bb5 a6 4. Bxc6 dxc6 5. O-O Qd6 6. d4 exd4 7. Nxd4 c5 8.
Nb3 Be6 9. Be3 Qxd1 10. Rxd1 b6 11. Nc3 Bd6 12. Ne2 Nf6 13. f3 O-O-O 14. a4 Be5
15. Nc3 a5 16. Bf2 h6 17. Bg3 Bxb3 18. cxb3 Bd4+ 19. Bf2 c6 20. Rac1 Kb7 21.
Kf1 Nh7 22. Bxd4 cxd4 23. Ne2 c5 24. Nf4 Rhe8 25. Nd3 Rc8 26. Rc2 Nf8 27. Kf2
Nd7 28. g3 Ne5 29. Nxe5 Rxe5 30. Rcd2 Rce8 31. g4 g6 32. Rg1 Kc6 33. Rc1 Kd6
34. Re1 f5 35. Rde2 R5e7 36. h3 fxe4 37. Rxe4 Rxe4 38. fxe4 Ke5 39. Ke2 Rf8 40.
Kd2 Rf3 41. h4 Rxb3 42. Kc2 Re3 43. Rxe3 dxe3 44. Kd3 e2 45. Kxe2 Kxe4 0-1

[Event "COMMONWEALTH CHESS CHAMPIONSHIP 2008"]
[Site "Nagpur,India"]
[Date "2008.09.28"]
[Round "1.53"]
[White "Meenakshi, Subbaraman"]
[Black "Eshwanth Dev Kumar J"]
[Result "1/2-1/2"]
[WhiteElo "2336"]
[BlackElo "1826"]
[PlyCount "89"]
[EventDate "2008.09.28"]
[Source "MonRoi"]

1. Nf3 Nf6 2. g3 g6 3. Bg2 Bg7 4. c4 c5 5. Nc3 Nc6 6. d3 O-O 7. O-O d6 8. a3
Rb8 9. Rb1 b6 10. b4 Nd7 11. Nd5 Bb7 12. Qa4 e6 13. Ne3 Qc7 14. Bb2 Ba8 15.
Rfd1 Nd4 16. Nxd4 cxd4 17. Nc2 Bxg2 18. Kxg2 e5 19. e3 dxe3 20. Nxe3 f5 21. Nd5
Qb7 22. f3 Nf6 23. Qc6 Nxd5 24. Qxd5+ Qxd5 25. cxd5 Rbc8 26. Rdc1 Bh6 27. Rc6
Rxc6 28. dxc6 b5 29. d4 exd4 30. Bxd4 Rc8 31. Re1 Kf7 32. Bxa7 Rxc6 33. Be3
Bxe3 34. Rxe3 Rc2+ 35. Kf1 Rc1+ 36. Kf2 Rc2+ 37. Re2 Rc3 38. Ra2 Rb3 39. h4 h5
40. Rc2 Rxa3 41. Rc7+ Ke6 42. Rb7 Ke5 43. Rg7 Kf6 44. Rd7 Ke6 45. Rb7 1/2-1/2

[Event "COMMONWEALTH CHESS CHAMPIONSHIP 2008"]
[Site "Nagpur,India"]
[Date "2008.09.28"]
[Round "1.54"]
[White "Ojas Gulhane"]
[Black "Lalith, Babu M R"]
[Result "0-1"]
[WhiteElo "1822"]
[BlackElo "2328"]
[PlyCount "112"]
[EventDate "2008.09.28"]
[Source "MonRoi"]

1. c4 b6 2. e4 Bb7 3. Nc3 c5 4. Nf3 Nc6 5. Be2 g6 6. d4 cxd4 7. Nxd4 Bg7 8. Be3
Nf6 9. f3 O-O 10. O-O Rc8 11. Qd2 Ne5 12. b3 d6 13. Rac1 Nfd7 14. f4 Nc6 15.
Bf3 Nc5 16. Rfd1 Re8 17. Kh1 Nxd4 18. Bxd4 e5 19. fxe5 dxe5 20. Bxc5 Qxd2 21.
Rxd2 Bh6 22. Rd7 Bxc1 23. Rxb7 bxc5 24. Nd5 Bg5 25. g3 Rb8 26. Rc7 Rec8 27. Rd7
a5 28. h4 Bd8 29. Bg4 Ra8 30. Nc3 Rc6 31. Kg2 Bf6 32. Rd5 Rd8 33. Be2 Kg7 34.
Na4 Be7 35. Kf3 Kf6 36. g4 Ke6 37. Kg3 f5 38. gxf5+ gxf5 39. exf5+ Kxf5 40.
Bg4+ Kf6 41. Nc3 Kf7 42. Ne4 Rxd5 43. cxd5 Rb6 44. Bh5+ Kf8 45. Bg4 Rb4 46. Bf5
Rd4 47. Bxh7 Rxd5 48. Kg4 Kg7 49. Bf5 Rd1 50. a4 Rf1 51. Ng3 Rf4+ 52. Kh3 Rxh4+
53. Kg2 Rb4 54. Bc2 c4 55. Nf5+ Kf8 56. bxc4 Rb2 0-1

[Event "COMMONWEALTH CHESS CHAMPIONSHIP 2008"]
[Site "Nagpur,India"]
[Date "2008.09.28"]
[Round "1.55"]
[White "Ramakrishna, J."]
[Black "Hetul, Shah"]
[Result "1-0"]
[WhiteElo "2321"]
[BlackElo "1815"]
[PlyCount "105"]
[EventDate "2008.09.28"]
[Source "MonRoi"]

1. e4 c5 2. Nc3 e6 3. f4 d6 4. Nf3 Nc6 5. Bb5 Bd7 6. O-O g6 7. d4 cxd4 8. Nxd4
Bg7 9. Nf3 Qc7 10. Be3 Nge7 11. Qe1 a6 12. Bd3 b5 13. Rd1 Rd8 14. Bxb5 O-O 15.
Bxa6 Nb4 16. Bd3 d5 17. e5 Nxd3 18. Rxd3 Rb8 19. b3 Nf5 20. Bf2 h5 21. Nd4 Nxd4
22. Bxd4 Rfc8 23. f5 exf5 24. Nxd5 Qd8 25. c4 Be6 26. Ba1 Qf8 27. Qe2 Rb7 28.
Rfd1 Rbb8 29. Nf4 Rd8 30. Nd5 Kh8 31. h3 Rb7 32. Nf4 Rbb8 33. Kh1 Qe7 34. a4
Bh6 35. Nxe6 fxe6 36. Rd6 Kh7 37. a5 Rxd6 38. exd6 Qd7 39. c5 Rxb3 40. Qc4 Re3
41. c6 Qa7 42. Qd4 Qb8 43. c7 Qa8 44. Qh8+ Qxh8 45. Bxh8 Kxh8 46. c8=Q+ Kh7 47.
Qc7+ Bg7 48. d7 Rc3 49. Qxc3 Bxc3 50. d8=Q Bg7 51. Rd7 Kh6 52. h4 f4 53. Qg8
1-0

[Event "COMMONWEALTH CHESS CHAMPIONSHIP 2008"]
[Site "Nagpur,India"]
[Date "2008.09.28"]
[Round "1.57"]
[White "Rahman, Md  Taibur"]
[Black "Nandhidhaa, P  V."]
[Result "1-0"]
[WhiteElo "2307"]
[BlackElo "1797"]
[PlyCount "105"]
[EventDate "2008.09.28"]
[Source "MonRoi"]

1. d4 d5 2. c4 e6 3. Nc3 Nf6 4. cxd5 exd5 5. Bg5 c6 6. Qc2 Na6 7. e3 Nb4 8. Qd2
Bf5 9. Rc1 a5 10. a3 Na6 11. Bd3 Bxd3 12. Qxd3 Nc7 13. Nf3 Ne6 14. Bh4 Be7 15.
O-O O-O 16. Rb1 Nd7 17. Bg3 Nb6 18. Rfd1 Bd6 19. Bh4 Be7 20. Bg3 Bd6 21. Ne5 f6
22. Qf5 Qe7 23. Nd3 Bxg3 24. hxg3 Nc4 25. Na4 Nd6 26. Qg4 Ne4 27. Rbc1 Rae8 28.
Nac5 N6xc5 29. Nxc5 Nxc5 30. Rxc5 Qc7 31. b4 axb4 32. axb4 f5 33. Qf3 Qb6 34.
b5 Ra8 35. bxc6 bxc6 36. Rdc1 Rf6 37. Rxc6 Qb3 38. Rxf6 gxf6 39. Qxf5 Rf8 40.
Qe6+ Kh8 41. Qe7 Rb8 42. Qxf6+ Kg8 43. Qg5+ Kh8 44. Rc7 Qb1+ 45. Kh2 Qg6 46.
Qe5+ Kg8 47. Qxd5+ Kh8 48. Qe5+ Kg8 49. Rg7+ Qxg7 50. Qxb8+ Kf7 51. Qb7+ Kg8
52. Qxg7+ Kxg7 53. e4 1-0

[Event "COMMONWEALTH CHESS CHAMPIONSHIP 2008"]
[Site "Nagpur,India"]
[Date "2008.09.28"]
[Round "1.59"]
[White "Akshat, Khamparia"]
[Black "Shah, Dhruv"]
[Result "1-0"]
[WhiteElo "2305"]
[BlackElo "1791"]
[PlyCount "47"]
[EventDate "2008.09.28"]
[Source "MonRoi"]

1. d4 f5 2. Nc3 Nf6 3. Bg5 e6 4. e4 fxe4 5. Nxe4 Be7 6. Bxf6 Bxf6 7. c3 O-O 8.
Nf3 Nc6 9. Bd3 b6 10. Qc2 g6 11. h4 Ne7 12. h5 Qe8 13. hxg6 Nxg6 14. O-O-O Qe7
15. Rh2 Bb7 16. Rdh1 Rf7 17. Rh6 Bxe4 18. Bxe4 Bg5+ 19. Nxg5 Qxg5+ 20. Kb1 Raf8
21. Bxg6 hxg6 22. Rxg6+ Qxg6 23. Qxg6+ Rg7 24. Qh5 1-0

[Event "COMMONWEALTH CHESS CHAMPIONSHIP 2008"]
[Site "Nagpur,India"]
[Date "2008.09.28"]
[Round "1.60"]
[White "Shoumi, Mukerjee"]
[Black "Nitin, S."]
[Result "0-1"]
[WhiteElo "1790"]
[BlackElo "2303"]
[PlyCount "72"]
[EventDate "2008.09.28"]
[Source "MonRoi"]

1. d4 c5 2. Nf3 Nf6 3. c4 cxd4 4. Nxd4 d6 5. Nc3 e6 6. e4 Be7 7. Be2 a6 8. O-O
Qc7 9. h3 Nbd7 10. Be3 b6 11. f4 Bb7 12. Qc2 O-O 13. f5 e5 14. Nb3 b5 15. cxb5
axb5 16. Rac1 Rac8 17. Qd2 Qd8 18. Bxb5 Nxe4 19. Nxe4 Bxe4 20. Bxd7 Rxc1 21.
Nxc1 Qxd7 22. b4 Rc8 23. Nd3 Bxf5 24. b5 g6 25. b6 Qb5 26. Rd1 Bd8 27. Nb4 Bxb6
28. Bxb6 Qxb6+ 29. Kh2 Be6 30. Qxd6 Qxd6 31. Rxd6 Rc4 32. Rb6 e4 33. a4 e3 34.
a5 e2 35. Nd3 Rd4 36. a6 Rxd3 0-1

[Event "COMMONWEALTH CHESS CHAMPIONSHIP 2008"]
[Site "Nagpur,India"]
[Date "2008.09.28"]
[Round "1.61"]
[White "Joshi, G B."]
[Black "Shweta, Gole"]
[Result "1-0"]
[WhiteElo "2302"]
[BlackElo "1784"]
[PlyCount "95"]
[EventDate "2008.09.28"]
[Source "MonRoi"]

1. e4 c5 2. Nf3 Nc6 3. c3 d5 4. exd5 Qxd5 5. d4 cxd4 6. cxd4 Bg4 7. Nc3 Qa5 8.
d5 Ne5 9. Nxe5 Bxd1 10. Bb5+ Kd8 11. Nxf7+ Kc8 12. Kxd1 Nf6 13. Bd2 Ne4 14. Rc1
Nxd2 15. Nxh8 Kb8 16. Kxd2 Qb4 17. g3 Qd4+ 18. Ke2 Qe5+ 19. Kf1 Qf6 20. Bd7 a6
21. Be6 Qf3 22. Kg1 g6 23. Nf7 Bg7 24. Ng5 Qd3 25. Kg2 Qd4 26. Rhd1 Qb4 27. Rd2
Ka7 28. a3 Qb6 29. b4 Bh6 30. h4 Rf8 31. Nce4 Bxg5 32. hxg5 Rd8 33. Rc5 Kb8 34.
b5 a5 35. a4 Ka7 36. Rdc2 Kb8 37. Rc8+ Rxc8 38. Rxc8+ Ka7 39. Nc5 Qd6 40. Nd7
b6 41. Rc6 Qb4 42. Rc7+ Ka8 43. Nxb6+ Kb8 44. Rc4 Qd2 45. Nd7+ Kb7 46. b6 Ka6
47. Rc7 Qd4 48. Ra7# 1-0

[Event "COMMONWEALTH CHESS CHAMPIONSHIP 2008"]
[Site "Nagpur,India"]
[Date "2008.09.28"]
[Round "1.62"]
[White "Anantharam, R U."]
[Black "Praveen Kumar, C."]
[Result "0-1"]
[WhiteElo "1782"]
[BlackElo "2302"]
[PlyCount "70"]
[EventDate "2008.09.28"]
[Source "MonRoi"]

1. e4 e6 2. d4 d5 3. Nc3 Bb4 4. e5 c5 5. a3 Bxc3+ 6. bxc3 Ne7 7. Qg4 O-O 8. Bd3
f5 9. Qg3 Nbc6 10. Nf3 Qa5 11. Bd2 Qa4 12. Ra2 cxd4 13. O-O dxc3 14. Bxc3 Bd7
15. Bd2 Rac8 16. h3 Ng6 17. Re1 Nd4 18. Nxd4 Qxd4 19. c3 Qc5 20. h4 Bb5 21.
Bxb5 Qxb5 22. h5 Ne7 23. Bh6 Rf7 24. Bg5 Qb3 25. Rae2 Rxc3 26. Re3 d4 27. Rxc3
Qxc3 28. f3 f4 29. Qh4 Nf5 30. Qf2 Ne3 31. h6 d3 32. Bxf4 d2 33. Rxe3 d1=Q+ 34.
Kh2 Qcc1 35. Kg3 Qcd2 0-1

[Event "COMMONWEALTH CHESS CHAMPIONSHIP 2008"]
[Site "Nagpur,India"]
[Date "2008.09.28"]
[Round "1.63"]
[White "Singh, D P."]
[Black "Soumya, Shrivastava"]
[Result "1-0"]
[WhiteElo "2299"]
[BlackElo "1768"]
[PlyCount "41"]
[EventDate "2008.09.28"]
[Source "MonRoi"]

1. d4 d5 2. Nf3 Nf6 3. e3 e6 4. b3 b6 5. Bd3 Bd6 6. O-O O-O 7. Nbd2 Bb7 8. Bb2
Nbd7 9. Qe2 Re8 10. Ne5 c5 11. Rad1 Qc7 12. f4 Ne4 13. Bxe4 dxe4 14. Nxd7 Qxd7
15. dxc5 Bxc5 16. Nxe4 Bxe3+ 17. Qxe3 Qc6 18. Qf3 e5 19. Nd6 Re7 20. Nf5 Qf6
21. fxe5 1-0

[Event "COMMONWEALTH CHESS CHAMPIONSHIP 2008"]
[Site "Nagpur,India"]
[Date "2008.09.28"]
[Round "1.65"]
[White "Priyadharshan, K."]
[Black "Wettasinghe, S V."]
[Result "1-0"]
[WhiteElo "2297"]
[BlackElo "1765"]
[PlyCount "101"]
[EventDate "2008.09.28"]
[Source "MonRoi"]

1. Nf3 d5 2. e3 c5 3. b3 Nc6 4. Bb2 e6 5. d4 Nf6 6. Nbd2 Bd7 7. a3 a5 8. Bd3
Be7 9. O-O Rc8 10. Qe2 Na7 11. c4 a4 12. dxc5 axb3 13. cxd5 exd5 14. Nxb3 Bxc5
15. Nxc5 Rxc5 16. Bd4 Ra5 17. Rfb1 b5 18. a4 O-O 19. axb5 Rxa1 20. Rxa1 Nc8 21.
Qb2 Nb6 22. Ne5 Qc7 23. Nxd7 Nbxd7 24. b6 Qd6 25. h3 Rb8 26. b7 Ne8 27. Ba7 Rd8
28. Rc1 f6 29. Rc8 Qe7 30. Rxd8 Qxd8 31. b8=Q Nxb8 32. Qxb8 Qxb8 33. Bxb8 h6
34. Bg6 Kf8 35. Kf1 Ke7 36. Bxe8 Kxe8 37. Ke2 Ke7 38. Kd3 Ke6 39. Kd4 g6 40.
Bf4 h5 41. h4 Kf5 42. Kxd5 g5 43. hxg5 fxg5 44. Bh2 h4 45. e4+ Kf6 46. e5+ Ke7
47. f3 Kd7 48. e6+ Ke7 49. Bd6+ Kd8 50. Ke5 g4 51. fxg4 1-0

[Event "COMMONWEALTH CHESS CHAMPIONSHIP 2008"]
[Site "Nagpur,India"]
[Date "2008.09.28"]
[Round "1.66"]
[White "Sunyasakta, Satpathy"]
[Black "Rahman, Syed Mahfuzur"]
[Result "0-1"]
[WhiteElo "1753"]
[BlackElo "2297"]
[PlyCount "110"]
[EventDate "2008.09.28"]
[Source "MonRoi"]

1. e4 c5 2. d4 cxd4 3. c3 d3 4. Bxd3 Nc6 5. c4 e6 6. Nf3 Nf6 7. O-O Qc7 8. Nc3
a6 9. Qe2 d6 10. Rd1 Be7 11. b3 O-O 12. Bb2 b6 13. Rd2 Bb7 14. Re1 Rfd8 15. Nd1
Nd7 16. a3 Rac8 17. Ne3 Qb8 18. Nc2 Bf6 19. Ncd4 Qa8 20. Bb1 Nce5 21. Nxe5 dxe5
22. Nf3 Qb8 23. Red1 Qc7 24. Bc2 Be7 25. b4 f6 26. Bb3 Nf8 27. Ne1 Rxd2 28.
Rxd2 a5 29. Nd3 Ba6 30. Rc2 Rd8 31. h3 Qd7 32. Rc3 Qd4 33. bxa5 bxa5 34. Ne1
Qb6 35. Qc2 Bc5 36. Rg3 Bxf2+ 37. Qxf2 Qxf2+ 38. Kxf2 Rd2+ 39. Kg1 Rxb2 40. c5
Bb7 41. Re3 Bc6 42. Bc2 Kf7 43. Kf2 Nd7 44. Rc3 Bxe4 45. c6 Nb6 46. c7 Nc8 47.
Ke3 Bxc2 48. Nxc2 Ke7 49. a4 Kd7 50. Na3 Rb4 51. Nb5 Rxa4 52. Rd3+ Kc6 53. Rd8
Kb7 54. Rd7 Rb4 55. Na3 Rb3+ 0-1

[Event "COMMONWEALTH CHESS CHAMPIONSHIP 2008"]
[Site "Nagpur,India"]
[Date "2008.09.28"]
[Round "1.67"]
[White "Debashis, Das"]
[Black "Navya Vyshnavi Mannepalli"]
[Result "1-0"]
[WhiteElo "2294"]
[BlackElo "1752"]
[PlyCount "41"]
[EventDate "2008.09.28"]
[Source "MonRoi"]

1. e4 g6 2. d4 Bg7 3. Nc3 e6 4. h4 Ne7 5. h5 d5 6. h6 Bf8 7. Bf4 c6 8. Nf3 b6
9. Be5 Rg8 10. Ng5 Nd7 11. Nxh7 Bb7 12. Nxf8 Nxf8 13. h7 Nxh7 14. Rxh7 Qd7 15.
Qf3 Nc8 16. exd5 cxd5 17. Bb5 Bc6 18. Bxc6 Qxc6 19. Qxf7+ Kd8 20. Qxg8+ Qe8 21.
Bc7# 1-0

[Event "COMMONWEALTH CHESS CHAMPIONSHIP 2008"]
[Site "Nagpur,India"]
[Date "2008.09.28"]
[Round "1.69"]
[White "Soumya, Swaminathan"]
[Black "Ishwar, Ramteke"]
[Result "1-0"]
[WhiteElo "2293"]
[BlackElo "1741"]
[PlyCount "49"]
[EventDate "2008.09.28"]
[Source "MonRoi"]

1. e4 e5 2. Nf3 d6 3. d4 exd4 4. Nxd4 Nf6 5. Nc3 Be7 6. g3 a6 7. Bg2 c5 8. Nf5
Bxf5 9. exf5 Nc6 10. O-O O-O 11. g4 Kh8 12. f4 Re8 13. g5 Ng8 14. f6 Bf8 15.
fxg7+ Bxg7 16. f5 Bd4+ 17. Kh1 Rc8 18. Nd5 b5 19. Qh5 Rf8 20. c3 Be5 21. f6 b4
22. Be4 h6 23. g6 fxg6 24. Qxg6 Qd7 25. f7 1-0

[Event "COMMONWEALTH CHESS CHAMPIONSHIP 2008"]
[Site "Nagpur,India"]
[Date "2008.09.28"]
[Round "1.71"]
[White "Deshmukh, Anup"]
[Black "Kamath, Shreyas M"]
[Result "1-0"]
[WhiteElo "2284"]
[BlackElo "1729"]
[PlyCount "29"]
[EventDate "2008.09.28"]
[Source "MonRoi"]

1. d4 d5 2. Nf3 Nf6 3. c4 c6 4. e3 a6 5. Nc3 e6 6. Qc2 Bb4 7. Bd3 h6 8. O-O
Nbd7 9. Bd2 Bd6 10. Rad1 b5 11. cxd5 cxd5 12. e4 b4 13. Nxd5 Nxd5 14. exd5 Nf6
15. Qc6+ 1-0

[Event "COMMONWEALTH CHESS CHAMPIONSHIP 2008"]
[Site "Nagpur,India"]
[Date "2008.09.28"]
[Round "1.77"]
[White "Thakur, Akash"]
[Black "Megha Gupta"]
[Result "1-0"]
[WhiteElo "2276"]
[BlackElo "1643"]
[PlyCount "147"]
[EventDate "2008.09.28"]
[Source "MonRoi"]

1. e4 e5 2. Nf3 Nc6 3. d4 exd4 4. Nxd4 Bc5 5. Be3 Qf6 6. c3 Nge7 7. Bc4 d6 8.
O-O Bb6 9. Nb5 Kd8 10. Bxb6 axb6 11. f4 Bd7 12. Nd2 Rf8 13. Qe2 h6 14. Rad1 Kc8
15. e5 dxe5 16. Ne4 Qg6 17. Rxd7 Kxd7 18. Qd1+ Kc8 19. f5 Nxf5 20. Rxf5 Rd8 21.
Qf1 f6 22. Ng3 Ne7 23. Rf2 c6 24. Be6+ Kb8 25. Na3 Nd5 26. Bxd5 Rxd5 27. Nf5
Qf7 28. h3 Ka7 29. Nc4 Rad8 30. Kh2 Qd7 31. a4 Qc7 32. Qe2 R8d7 33. g3 Kb8 34.
Qe3 c5 35. Qe2 Qc6 36. Qf3 Qc7 37. Qe2 Qc6 38. Qe4 Qc7 39. Qc2 Qc6 40. Qe4 Qc7
41. h4 Qc6 42. Nfe3 Rd3 43. Qxc6 bxc6 44. Nxb6 Rd8 45. Nbc4 Kc7 46. h5 Ra8 47.
a5 Kb7 48. Kh3 Ka6 49. Kg4 Ra7 50. Rf1 Rad7 51. Ra1 Re7 52. Ra3 Rdd7 53. Rb3
Rb7 54. Rb6+ Rxb6 55. axb6 Kb7 56. Kf5 Rd7 57. Kg6 Ka6 58. Nf5 Kb5 59. b7 Rd8
60. Nfd6+ Ka6 61. g4 Ka7 62. Kxg7 Rd7+ 63. Kxh6 Kb8 64. Kg6 Rc7 65. h6 e4 66.
Nxe4 f5 67. gxf5 Kxb7 68. h7 Rxh7 69. Kxh7 Ka6 70. Ned6 Ka7 71. f6 Ka6 72. f7
Ka7 73. f8=Q Ka6 74. Qa8# 1-0

[Event "COMMONWEALTH CHESS CHAMPIONSHIP 2008"]
[Site "Nagpur,India"]
[Date "2008.09.28"]
[Round "1.81"]
[White "Matta, Vinay Kumar"]
[Black "M  Anshuman"]
[Result "1-0"]
[WhiteElo "2265"]
[BlackElo "1566"]
[PlyCount "45"]
[EventDate "2008.09.28"]
[Source "MonRoi"]

1. e4 c5 2. Nf3 d6 3. d4 cxd4 4. Nxd4 Nf6 5. f3 a6 6. c4 e5 7. Nc2 Be7 8. Be2
Be6 9. Nc3 Qc7 10. Ne3 O-O 11. O-O Nc6 12. b3 Nd4 13. Bb2 Rad8 14. Kh1 h6 15.
Rc1 Nh7 16. Ncd5 Qd7 17. Bxd4 exd4 18. Qxd4 Nf6 19. f4 Nxd5 20. exd5 Bf6 21.
Qd3 Rfe8 22. dxe6 Rxe6 23. Bg4 1-0

[Event "Commonwealth Chess Championship 2008"]
[Site "Nagpur India"]
[Date "2008.09.29"]
[Round "?"]
[White "Surya Shekhar, Ganguly"]
[Black "Akash, Thakur"]
[Result "1-0"]
[WhiteElo "2631"]
[BlackElo "2276"]
[PlyCount "103"]
[EventDate "2008.09.28"]
[Source "MonRoi"]

1. e4 e5 2. Nf3 Nc6 3. Bb5 a6 4. Ba4 Nf6 5. O-O Be7 6. Re1 b5 7. Bb3 d6 8. c3
O-O 9. d4 Bg4 10. Be3 exd4 11. cxd4 Na5 12. Bc2 c5 13. h3 Bxf3 14. Qxf3 cxd4
15. Bxd4 Rc8 16. Qd3 Nc6 17. Bc3 Qc7 18. a3 Ne5 19. Qe2 Nfd7 20. Nd2 Bf6 21.
Rad1 Rfd8 22. Bb1 Nc6 23. Rc1 Qb6 24. Nf3 Bxc3 25. Rxc3 Nce5 26. Rec1 Rc5 27.
b4 Rxc3 28. Rxc3 Nxf3+ 29. Qxf3 Ne5 30. Qd1 Nc4 31. Ba2 Rc8 32. Qd5 Qc6 33. Qd4
Kf8 34. a4 f6 35. a5 Ke7 36. f3 Rc7 37. Kf2 Rc8 38. Bb3 Rc7 39. Qd5 Qxd5 40.
exd5 f5 41. Bxc4 bxc4 42. Ke3 Rb7 43. Rxc4 Kd7 44. Kf4 Rb5 45. Rd4 g6 46. Kg5
Ke7 47. Rh4 Rxd5 48. Rxh7+ Ke6 49. Rg7 f4+ 50. Kxf4 Kf6 51. Rb7 Rd2 52. Rb6 1-0

[Event "Commonwealth Chess Championship 2008"]
[Site "Nagpur India"]
[Date "2008.09.29"]
[Round "?"]
[White "Ja, Ophoff"]
[Black "Ziaur, Rahman"]
[Result "0-1"]
[WhiteElo "2275"]
[BlackElo "2564"]
[PlyCount "86"]
[EventDate "2008.09.28"]
[Source "MonRoi"]

1. d4 d6 2. c4 e5 3. dxe5 dxe5 4. Qxd8+ Kxd8 5. Bd2 Be6 6. b3 Nd7 7. g3 c6 8.
Ba5+ b6 9. Bc3 Kc7 10. Bg2 f6 11. Nd2 Nh6 12. Ngf3 a5 13. O-O Bb4 14. Rfc1 Rhd8
15. Kf1 Nc5 16. Ke1 Nf5 17. a3 Bxc3 18. Rxc3 g5 19. Rd1 g4 20. Ng1 Nd4 21. e3
Bf5 22. e4 Bg6 23. f4 gxf3 24. Ngxf3 Nxe4 25. Nxe4 Bxe4 26. Kf2 Bxf3 27. Bxf3
Rd7 28. Re1 Re8 29. b4 axb4 30. axb4 Ra8 31. g4 Ra2+ 32. Kg3 Rg7 33. h4 Kd6 34.
c5+ bxc5 35. bxc5+ Ke6 36. Rd3 Ra4 37. Bd1 Rb4 38. Kh3 Kd5 39. Rf1 Ke6 40. Re1
h5 41. g5 Nf5 42. Bb3+ Ke7 43. Rf3 Rxh4+ 0-1

[Event "Commonwealth Chess Championship 2008"]
[Site "Nagpur India"]
[Date "2008.09.29"]
[Round "?"]
[White "Abhijit, Kunte"]
[Black "Vinay Kumar, Matta"]
[Result "0-1"]
[WhiteElo "2554"]
[BlackElo "2265"]
[PlyCount "116"]
[EventDate "2008.09.28"]
[Source "MonRoi"]

1. d4 Nf6 2. g3 d5 3. Bg2 c6 4. c4 e6 5. Nf3 Nbd7 6. O-O Bd6 7. b3 O-O 8. Bb2
Ne4 9. Nbd2 f5 10. Qc2 Ndf6 11. Ne5 Bd7 12. Ndf3 Be8 13. Nd3 g5 14. Nfe5 Nh5
15. f3 Nef6 16. Qc1 h6 17. Ba3 Bxa3 18. Qxa3 dxc4 19. Nxc4 Qxd4+ 20. Kh1 b5 21.
Nce5 Rd8 22. e4 g4 23. Rad1 gxf3 24. Nxf3 Qc3 25. exf5 Ng4 26. Nb2 Bf7 27. Rc1
Qe3 28. Nd1 Qe2 29. Re1 Qd3 30. Rc3 Qxd1 31. Rxd1 Rxd1+ 32. Bf1 Rxf1+ 33. Kg2
Rf2+ 34. Kg1 Rd8 35. Ne1 Rd1 36. Re3 exf5 37. Qxa7 Nxe3 38. Kxf2 Ng4+ 39. Ke2
Rd8 40. Nf3 Bd5 41. Nh4 Re8+ 42. Kd2 Be4 43. Ng6 Ng7 44. h3 Ne5 45. Ne7+ Kf8
46. Nxf5 Bxf5 47. g4 Bg6 48. Kc3 Ne6 49. Qe3 Ng5 50. h4 Ne4+ 51. Kb2 Nxg4 52.
Qf4+ Ngf6 53. Qxh6+ Kf7 54. Qf4 Re7 55. a3 Rd7 56. Kc1 c5 57. Qf1 Nc3 58. Kb2
Rd2+ 0-1